Statystyki dla Największe miasta USA.

Kliknij tutaj aby rozwiązać quiz!

Ogólne statystyki

  • Ten quiz został rozwiązany 206 razy
    (194 od ostatniego zresetowania)
  • Średni wynik to 9 z 16

Statystyki odpowiedzi

Ludność (mln)StanMiasto% Poprawnych
8,3Nowy JorkNowy Jork
100%
3,9KaliforniaLos Angeles
96%
2,7IlinoisChicago
88%
0,8KaliforniaSan Francisco
80%
1,2TeksasDallas
72%
2,2TeksasHouston
64%
1,3KaliforniaSan Diego
55%
1,5ArizonaPhoenix
54%
1,5PensylwaniaFiladelfia
50%
1,4TeksasSan Antonio
42%
0,8TeksasAustin
42%
0,7MichiganDetroit
41%
0,8FlorydaJacksonville
30%
0,9KaliforniaSan Jose
27%
0,7Karolina PółnocnaCharlotte
21%
0,7TeksasFort Worth
15%

Rozkład punktacji

Percentyl według liczby udzielonych odpowiedzi

Procent ludzi z każdym wynikiem

Twoja historia wyników

Nie rozwiązałeś tego quizu od ostatniego zresetowania